Proceedings. (Record no. 12039)

MARC details
000 -LEADER
fixed length control field 01170cam a22002651 4500
001 - CONTROL NUMBER
control field agr65000379
003 - CONTROL NUMBER IDENTIFIER
control field DLC
005 - DATE AND TIME OF LATEST TRANSACTION
control field 20260227111024.0
008 - FIXED-LENGTH DATA ELEMENTS--GENERAL INFORMATION
fixed length control field 850905s1965 dcua b f100 0 eng
010 ## - LIBRARY OF CONGRESS CONTROL NUMBER
LC control number agr65000379
040 ## - CATALOGING SOURCE
Original cataloging agency DLC/ICU
Transcribing agency ICU
Modifying agency DLC
050 00 - LIBRARY OF CONGRESS CALL NUMBER
Classification number S21
Item number .A46 no. 970
070 0# - NATIONAL AGRICULTURAL LIBRARY CALL NUMBER
Classification number 1Ag84M no. 970
111 2# - MAIN ENTRY--MEETING NAME
Meeting name or jurisdiction name as entry element Federal Inter-agency Sedimentation Conference
Number of part/section/meeting (2nd :
Date of meeting or treaty signing 1963 :
Location of meeting Jackson, Miss.)
245 00 - TITLE STATEMENT
Title Proceedings.
Statement of responsibility, etc. Prepared by Agricultural Research Service, U.S. Dept. of Agriculture.
260 ## - PUBLICATION, DISTRIBUTION, ETC.
Place of publication, distribution, etc. Washington,
Name of publisher, distributor, etc. U.S. Govt. Print. Off.,
Date of publication, distribution, etc. 1965.
300 ## - PHYSICAL DESCRIPTION
Extent iv, 933 p.
Other physical details illus.
Dimensions 27 cm.
490 1# - SERIES STATEMENT
Series statement [U.S. Dept. of Agriculture] Miscellaneous publication
Volume/sequential designation no. 970
500 ## - GENERAL NOTE
General note Sponsored by the Federal agencies represented on the Subcommittee on Sedimentation, Federal Inter-Agency Committee on Water Resources.
504 ## - BIBLIOGRAPHY, ETC. NOTE
Bibliography, etc. note Bibliographical footnotes.
650 #0 - SUBJECT ADDED ENTRY--TOPICAL TERM
Topical term or geographic name entry element Sedimentation and deposition
General subdivision Congresses.
710 1# - ADDED ENTRY--CORPORATE NAME
Corporate name or jurisdiction name as entry element United States.
Subordinate unit Agricultural Research Service.
710 1# - ADDED ENTRY--CORPORATE NAME
Corporate name or jurisdiction name as entry element United States.
Subordinate unit Inter-agency Committee on Water Resources.
830 #0 - SERIES ADDED ENTRY--UNIFORM TITLE
Uniform title Miscellaneous publication (United States. Department of Agriculture) ;
Volume/sequential designation no. 970.

No items available.

Powered by Koha